000
00333nam a2200133Ia 4500
008
220204s9999 xx 000 0 und d
082
_a
621.6
_b
FIT
100
_a
Fitch, E C
245
0
_a
Introduction to fluid logic
260
_a
Washington
_b
Hemisphere
_c
1978
650
_a
Fluid logic
700
_a
Surjaatmadja, J B
942
_c
BK
999
_c
30662
_d
30662